000 01299nam a2200277 a 4500
001 000027275
003 OSt
005 20240305073654.0
008 110331s1944 dr r 000 0 spa d
040 _aDO-SdBNP
_bspa
_cBNPHU
082 _a972.9304
_bD637h, 1944
245 0 0 _aDocumentos para la historia de la República Dominicana /
_cEmilio Rodríguez Demorizi [compilador].
260 _aCiudad Trujillo, República Dominicana :
_bArchivo General de la Nación ;
_bMontalvo,
_c1944.
300 _av. ;
_c22 cm.
490 1 _aPublicaciones del Archivo General de la Nación ( República Dominicana)
_v1
500 _aIncluye referencias bibliográficas y notas al pie de las páginas.
500 _aA la cabeza del título Archivo General de la Nación. Centenario de la República Dominicana, 1844-1944
590 _aInventariado, 2018/VM
651 4 _aRepública Dominicana
_xHistoria
_y1844-1930
_vFUENTES
_954332
651 4 _aRepública Dominicana
_xRelaciones Exteriores
_zHaití
_vFUENTES
_954333
651 4 _aHaití
_xRelaciones Exteriores
_zRepública Dominicana
_vFUENTES
_954334
700 1 2 _aRodríguez Demorizi, Emilio,
_d1908-1986
_ecomp.
_91039
830 0 _aPublicaciones del Archivo General de la Nación (República Dominicana )
_v1
_954335
942 _2ddc
_cLF1
956 _aVMateo
999 _c26767
_d26767